Brit Insurance : (Record no. 20077)
[ view plain ]
| 000 -CABECERA | |
|---|---|
| campo de control de longitud fija | 01025nam a2200277 4500 |
| 003 - IDENTIFICADOR DEL NÚMERO DE CONTROL | |
| campo de control | OSt |
| 005 - FECHA Y HORA DE LA ÚLTIMA TRANSACCIÓN | |
| campo de control | 20260601171001.0 |
| 008 - DATOS DE LONGITUD FIJA--INFORMACIÓN GENERAL | |
| campo de control de longitud fija | 260421b\\\\\\\\enka||||\||||\00|\0\eng\d |
| 040 ## - FUENTE DE LA CATALOGACIÓN | |
| Centro catalogador/agencia de origen | ICI |
| Lengua de catalogación | spa |
| Centro/agencia transcriptor | ICI |
| 050 ## - SIGNATURA TOPOGRÁFICA DE LA BIBLIOTECA DEL CONGRESO | |
| Número de clasificación | NK 1443 |
| Número de documento/Ítem | B75.2010 |
| 100 #1 - ENTRADA PRINCIPAL--NOMBRE DE PERSONA | |
| Nombre de persona | Design Museum |
| 9 (RLIN) | 31442 |
| 245 #0 - MENCIÓN DE TÍTULO | |
| Título | Brit Insurance : |
| Resto del título | designs of the year / |
| Mención de responsabilidad, etc. | [curator Alex Newson]. |
| 246 #1 - FORMA VARIANTE DE TÍTULO | |
| Título propio/Titulo breve | Brit Insurance |
| Resto del título | designs of the year 2010. |
| 264 ## - PRODUCCIÓN, PUBLICACIÓN, DISTRIBUCIÓN, FABRICACIÓN Y COPYRIGHT | |
| Nombre del de productor, editor, distribuidor, fabricante | Design Museum, |
| Fecha de producción, publicación, distribución, fabricación o copyright | 2010 |
| Producción, publicación, distribución, fabricación y copyright | London : |
| 300 ## - DESCRIPCIÓN FÍSICA | |
| Extensión | 116 páginas |
| Otras características físicas | ilustraciones (algunas a color) ; |
| Dimensiones | 17 cm. |
| 336 ## - TIPO DE CONTENIDO | |
| Término de tipo de contenido | texto |
| Fuente | rdacontent |
| 337 ## - TIPO DE MEDIO | |
| Nombre/término del tipo de medio | sin medio |
| Fuente | rdamedia |
| 338 ## - TIPO DE SOPORTE | |
| Nombre/término del tipo de soporte | volumen |
| Fuente | rdacarrier |
| 650 #0 - PUNTO DE ACCESO ADICIONAL DE MATERIA--TÉRMINO DE MATERIA | |
| Término de materia o nombre geográfico como elemento de entrada | Design |
| Subdivisión general | Awards |
| Subdivisión geográfica | Great Britain. |
| 9 (RLIN) | 31443 |
| 650 #4 - PUNTO DE ACCESO ADICIONAL DE MATERIA--TÉRMINO DE MATERIA | |
| Término de materia o nombre geográfico como elemento de entrada | Diseño |
| Subdivisión general | Premios |
| Subdivisión geográfica | Gran Bretaña |
| 9 (RLIN) | 31444 |
| 650 #0 - PUNTO DE ACCESO ADICIONAL DE MATERIA--TÉRMINO DE MATERIA | |
| Término de materia o nombre geográfico como elemento de entrada | Industrial design |
| Subdivisión general | Awards |
| Subdivisión geográfica | Great Britain. |
| 9 (RLIN) | 31445 |
| 650 #4 - PUNTO DE ACCESO ADICIONAL DE MATERIA--TÉRMINO DE MATERIA | |
| Término de materia o nombre geográfico como elemento de entrada | Diseño industrial |
| Subdivisión general | Premios |
| Subdivisión geográfica | Gran Bretaña |
| 9 (RLIN) | 31446 |
| 700 #1 - PUNTO DE ACCESO ADICIONAL--NOMBRE DE PERSONA | |
| Nombre de persona | Newson, Alex |
| Término indicativo de función/relación | curador |
| 9 (RLIN) | 31447 |
| 710 #2 - PUNTO DE ACCESO ADICIONAL--NOMBRE DE ENTIDAD CORPORATIVA | |
| Nombre de entidad corporativa o nombre de jurisdicción como elemento de entrada | Design Museum (London, Inglaterra) |
| Término indicativo de función/relación | autor de contenido textual suplementario |
| 9 (RLIN) | 31448 |
| 942 ## - ELEMENTOS DE PUNTO DE ACCESO ADICIONAL (KOHA) | |
| Fuente del sistema de clasificación o colocación | Library of Congress Classification |
| Tipo de ítem Koha | Libros |
No items available.